Tribhuvan University Central Library

Introductory rural sociology; a synopsis of concepts and principles (Record no. 83113)

MARC details
000 -LEADER
fixed length control field 00616nam a22002057a 4500
008 - FIXED-LENGTH DATA ELEMENTS--GENERAL INFORMATION
fixed length control field 180704b xxu||||| |||| 00| 0 eng d
020 ## - INTERNATIONAL STANDARD BOOK NUMBER
International Standard Book Number 978-81-224-3687-7
082 ## - DEWEY DECIMAL CLASSIFICATION NUMBER
Classification number 301.35/C448i
100 ## - MAIN ENTRY--PERSONAL NAME
Personal name Chitambar, J. B.
245 ## - TITLE STATEMENT
Title Introductory rural sociology; a synopsis of concepts and principles
250 ## - EDITION STATEMENT
Edition statement 3rd ed.
260 ## - PUBLICATION, DISTRIBUTION, ETC.
Place of publication, distribution, etc. New Delhi:
Name of publisher, distributor, etc. New Age International,
Date of publication, distribution, etc. 2015.
300 ## - PHYSICAL DESCRIPTION
Extent xiv, 257p. illus.
504 ## - BIBLIOGRAPHY, ETC. NOTE
Bibliography, etc. note Bibliography: p. 249-253
650 ## - SUBJECT ADDED ENTRY--TOPICAL TERM
Topical term or geographic name entry element Sociology
650 ## - SUBJECT ADDED ENTRY--TOPICAL TERM
Topical term or geographic name entry element Social psychology
9 (RLIN) 527
650 ## - SUBJECT ADDED ENTRY--TOPICAL TERM
Topical term or geographic name entry element Rural sociology
9 (RLIN) 37
650 ## - SUBJECT ADDED ENTRY--TOPICAL TERM
Topical term or geographic name entry element Cultural anthropology
9 (RLIN) 22773
942 ## - ADDED ENTRY ELEMENTS (KOHA)
Source of classification or shelving scheme Dewey Decimal Classification
Koha item type General Collections
Holdings
Withdrawn status Lost status Source of classification or shelving scheme Damaged status Not for loan Home library Current library Shelving location Date acquired Total Checkouts Full call number Barcode Date last seen Price effective from Koha item type
    Dewey Decimal Classification     Tribhuvan University Central Library Tribhuvan University Central Library New Building 07/04/2018   301.35/C448i 158734 07/04/2018 07/04/2018 General Collections
    Dewey Decimal Classification     Tribhuvan University Central Library Tribhuvan University Central Library New Building 07/04/2018   301.35/C448i 158735 07/04/2018 07/04/2018 General Collections